| 000 | 00671nam a2200217Ia 4500 | ||
|---|---|---|---|
| 999 |
_c41297 _d41297 |
||
| 001 | 7954 | ||
| 003 | GE_BSU | ||
| 005 | 20190725151436.0 | ||
| 008 | 181216s2011||||en |||||||||||||| ||eng|| | ||
| 010 | _a9781408237106. | ||
| 041 | _aeng | ||
| 080 | _a811.111-8+338.22 R-71 | ||
| 100 |
_aRogers,Jon. _93238 |
||
| 245 |
_aUpper Intermediate : Market Leader _bBusiness English:Practice File / _cJon Rogers. |
||
| 250 | _a3rd Edition. | ||
| 264 |
_aEngland : _bLongman:Financial Times, _c2011. |
||
| 300 |
_a96 p .: _c28 cm |
||
| 653 | _aMarket Leader.Business English:Practice File. | ||
| 653 | _aბიზნეს ინგლისური | ||
| 942 |
_cBK _2udc |
||